Тепловой расчет паровой турбины: учебное пособие

Detalhes bibliográficos
Autor principal: Семенов А. С. Александр Сергеевич
Outros Autores: Шевченко А. М. Александр Михайлович
Idioma:russo
Publicado em: Киев, Вища школа, 1975
Assuntos:
Formato: MixedMaterials Livro
KOHA link:https://koha.lib.tpu.ru/cgi-bin/koha/opac-detail.pl?biblionumber=50887

MARC

LEADER 00000nam0a2200000 4500
001 50887
005 20231031033759.0
035 |a (RuTPU)RU\TPU\book\53275 
090 |a 50887 
100 |a 20030422d1975 m y0rusy50 ca 
101 0 |a rus 
102 |a UA 
105 |a a j 001zy 
200 1 |a Тепловой расчет паровой турбины  |e учебное пособие  |f А. С. Семенов, А. М. Шевченко 
210 |a Киев  |c Вища школа  |d 1975 
215 |a 206 с.  |c ил. 
320 |a Библиогр.: с. 202-203 
610 1 |a паровые турбины 
610 1 |a расчет 
610 1 |a учебные пособия 
610 1 |a турбоустановки 
610 1 |a примеры 
675 |a 621.165.001.2(075.8)  |v 3 
700 1 |a Семенов  |b А. С.  |g Александр Сергеевич 
701 1 |a Шевченко  |b А. М.  |g Александр Михайлович 
801 1 |a RU  |b 63413507  |c 20030422  |g PSBO 
801 2 |a RU  |b 63413507  |c 20200708  |g PSBO 
942 |c BK